Nivel mental y estado socio-económico.

Gorde:
Xehetasun bibliografikoak
Egile nagusia: Figueroa Roman, Miguel (autor)
Beste egile batzuk: Serebrinsky, Bernardo (autor) (autor)
Formatua: Liburua
Hizkuntza:gaztelania
Gaiak:
Etiketak: Etiketa erantsi
Etiketarik gabe, Izan zaitez lehena erregistro honi etiketa jartzen!

MARC

LEADER 00000nam^a2200000^u^4500
001 000498607
005 20250521000000.0
008 070813s1000^^^^^^^^^^^^r^^^^^000^0^spa^d
009 20260310125700.687
035 |a FCE 000042635 
037 |a Acervo ITESO - Biblioteca 
041 |a spa 
082 0 4 |a 370.155  |b FIGn 
100 |a Figueroa Roman, Miguel  |e (autor) 
245 1 0 |a Nivel mental y estado socio-económico. 
264 |a Tucumán, Argentina :  |b Universidad Nacional de Tucumán,  |c 1951. 
300 |a 73 p. 
336 |a texto  |b txt  |2 rdacontenido 
337 |a sin mediación  |b n  |2 rdamedio 
338 |a volumen  |b nc  |2 rdasoporte 
649 |a XX 
650 |a Educación básica 
650 |a Desarrollo mental 
650 |a Alumno de primaria 
650 |a Condiciones socioeconómicas 
650 |a Pruebas mentales 
650 |a Influencia del medio 
650 |a Argentina 
700 |a Serebrinsky, Bernardo  |e (autor) 
910 |a Fondo Centro de Estudios Educativos 
920 |a Impresos - Libros 
930 |a Fondos Especiales 
905 |a 133 
901 |a ALE049727  |b IT2  |c CEE  |u 20250521 
902 |a https://opac.biblio.iteso.mx/vufind/Record/000498607